| 000 | 00349nam a22001577a 4500 | ||
|---|---|---|---|
| 003 | MACL | ||
| 005 | 20151118141914.0 | ||
| 008 | 151118b xxu||||| |||| 00| 0 eng d | ||
| 040 | _cMACL | ||
| 041 | _aEnglish | ||
| 082 | _a300 | ||
| 100 |
_aPrakkashan,Vichar Bharati _917456 |
||
| 245 | _aS,A, Dange | ||
| 650 |
_aSociology _919 |
||
| 942 |
_2ddc _cBK |
||
| 999 |
_c50674 _d50674 |
||